Perkhidmatan awam Malaysia : (Record no. 2000)

000 -LEADER
fixed length control field nam a22 a 4500
003 - CONTROL NUMBER IDENTIFIER
control field AKMAL
005 - DATE AND TIME OF LATEST TRANSACTION
control field 20170512161832.0
008 - FIXED-LENGTH DATA ELEMENTS--GENERAL INFORMATION
fixed length control field 170512s1996 myw 00 may d
020 ## - INTERNATIONAL STANDARD BOOK NUMBER
International Standard Book Number 9839827030 (kkt.):
Terms of availability percuma
040 ## - CATALOGING SOURCE
Original cataloging agency AKMAL
Transcribing agency AKMAL
043 ## - GEOGRAPHIC AREA CODE
Geographic area code a-my---
049 00 - LOCAL HOLDINGS (OCLC)
Holding library mal
082 04 - DEWEY DECIMAL CLASSIFICATION NUMBER
Classification number 354.595006 PER
Edition number 21
090 20 - LOCALLY ASSIGNED LC-TYPE CALL NUMBER (OCLC); LOCAL CALL NUMBER (RLIN)
Classification number (OCLC) (R) ; Classification number, CALL (RLIN) (NR) 354.595006
Local cutter number (OCLC) ; Book number/undivided call number, CALL (RLIN) PER
245 00 - TITLE STATEMENT
Title Perkhidmatan awam Malaysia :
Remainder of title ke arah kecemerlangan melalui ISO 9000 (pembaharuan dan kemajuan dalam perkhidmatan awam 1996)
260 ## - PUBLICATION, DISTRIBUTION, ETC.
Place of publication, distribution, etc. Kuala Lumpur :
Name of publisher, distributor, etc. Unit Pemodenan Tadbiran Malaysia (MAMPU),
Date of publication, distribution, etc. 1996
300 00 - PHYSICAL DESCRIPTION
Extent xiv, 241ms. :
Other physical details il. wrn. ;
Dimensions 21cm
650 #0 - SUBJECT ADDED ENTRY--TOPICAL TERM
Topical term or geographic name entry element Civil service
Geographic subdivision Malaysia
9 (RLIN) 420
650 #0 - SUBJECT ADDED ENTRY--TOPICAL TERM
Topical term or geographic name entry element Public administration
Geographic subdivision Malaysia
9 (RLIN) 419
650 #0 - SUBJECT ADDED ENTRY--TOPICAL TERM
Topical term or geographic name entry element Quality control
General subdivision Standards
Geographic subdivision Malaysia
9 (RLIN) 4152
650 #0 - SUBJECT ADDED ENTRY--TOPICAL TERM
Topical term or geographic name entry element ISO 9000 Series Standards
9 (RLIN) 546
710 2# - ADDED ENTRY--CORPORATE NAME
Corporate name or jurisdiction name as entry element Malaysia
9 (RLIN) 400
942 ## - ADDED ENTRY ELEMENTS (KOHA)
Source of classification or shelving scheme
Koha item type Book
Holdings
Withdrawn status Lost status Source of classification or shelving scheme Damaged status Not for loan Collection code Home library Current library Date acquired Inventory number Total Checkouts Full call number Date last seen Price effective from Koha item type
          NON-FICTION AKMAL Melaka AKMAL Melaka 12.05.2017 002845   354.595006 PER 12.05.2017 12.05.2017 Book
Pusat Sumber Maklumat Dato' Haji Sarmin Md Hussin, Akademi Kastam Diraja Malaysia, Melaka
Tel: 06-2331106 | Faks: 06-2313787